MARC details
| 000 -CABECERA |
| campo de control de longitud fija |
01062nam a2200241 a 4500 |
| 001 - NÚMERO DE CONTROL |
| campo de control |
000043263 |
| 005 - FECHA Y HORA DE LA ÚLTIMA TRANSACCIÓN |
| campo de control |
20250909091242.0 |
| 008 - DATOS DE LONGITUD FIJA--INFORMACIÓN GENERAL |
| campo de control de longitud fija |
140303s2009 sp 000 0 spa d |
| 020 ## - NÚMERO INTERNACIONAL ESTÁNDAR DEL LIBRO |
| Número Internacional Estándar del Libro |
9788483470923 |
| 040 ## - FUENTE DE LA CATALOGACIÓN |
| Centro catalogador/agencia de origen |
DO-SdBNP |
| Lengua de catalogación |
spa |
| Centro/agencia transcriptor |
BNPHU |
| 100 1# - ENTRADA PRINCIPAL--NOMBRE DE PERSONA |
| Nombre de persona |
Madarriaga, Salvador de |
| 9 (RLIN) |
70871 |
| 245 10 - MENCIÓN DE TÍTULO |
| Título |
Salvador de Madariaga / |
| Mención de responsabilidad, etc. |
Salvador de Madarriaga ; edición a cargo de Ángel María Casas Gragea. |
| 260 ## - PUBLICACIÓN, DISTRIBUCIÓN, ETC. |
| Lugar de publicación, distribución, etc. |
Madrid : |
| Nombre del editor, distribuidor, etc. |
Agencia Española de Cooperación Internacional, |
| Fecha de publicación, distribución, etc. |
2009. |
| 490 1# - MENCIÓN DE SERIE |
| Mención de serie |
Ciencias y humanismo |
| Designación de volumen o secuencia |
10 |
| 490 1# - MENCIÓN DE SERIE |
| Mención de serie |
Antología del pensamiento político, social y económico de América latina |
| 500 ## - NOTA GENERAL |
| Nota general |
Incluye datos biográficos del compilador |
| 504 ## - NOTA DE BIBLIOGRAFÍA, ETC. |
| Nota de bibliografía, etc. |
Bibliografía : p. 201-207 |
| 504 ## - NOTA DE BIBLIOGRAFÍA, ETC. |
| Nota de bibliografía, etc. |
Incluye referencias bibliográficas y notas al pie de las páginas |
| 700 1# - PUNTO DE ACCESO ADICIONAL--NOMBRE DE PERSONA |
| Nombre de persona |
Casas Gragea, Ángel María |
| Término indicativo de función/relación |
ed. |
| 9 (RLIN) |
70872 |
| 710 2# - PUNTO DE ACCESO ADICIONAL--NOMBRE DE ENTIDAD CORPORATIVA |
| Nombre de entidad corporativa o nombre de jurisdicción como elemento de entrada |
Agencia Española de Cooperación Internacional |
| 9 (RLIN) |
34585 |
| 830 #0 - PUNTO DE ACCESO ADICIONAL DE SERIE-TÍTULO UNIFORME |
| Título uniforme |
Antología del pensamiento político, social y económico de América latina |
| 9 (RLIN) |
70870 |
| 830 #0 - PUNTO DE ACCESO ADICIONAL DE SERIE-TÍTULO UNIFORME |
| Título uniforme |
Ciencias y humanismo |
| Designación de volumen o secuencia |
10 |
| 9 (RLIN) |
70218 |